Investičné riziko a výnosnosť investičného projektu diplomová práca

Enregistré dans:
Détails bibliographiques
Auteur principal: Kalinová, Nina
Collectivité auteur: Fakulta podnikového manažmentu EU. Katedra podnikových financií
Autres auteurs: Miková, Oľga
Format: Livre
Langue:slovaque
Publié: Bratislava 2013
Tags: Ajouter un tag
Pas de tags, Soyez le premier à ajouter un tag!

MARC

LEADER 00000nbm a2200000 4500
001 0171007
005 20161109102424.2
041 0 |a slo 
044 |a SK 
245 1 0 |a Investičné riziko a výnosnosť investičného projektu  |b diplomová práca  |c Nina Kalinová ; školiteľ: Oľga Miková 
264 1 |a Bratislava  |c 2013 
300 |a 72 s. 
100 1 |a Kalinová, Nina 
700 1 |a Miková, Oľga 
710 2 |a Fakulta podnikového manažmentu EU. Katedra podnikových financií